| 000 | 00690nam a2200193 a 4500 | ||
|---|---|---|---|
| 003 | 0 | ||
| 005 | 20250215102025.0 | ||
| 008 | 130827s19uu xx 00 eng d | ||
| 050 |
_aPGS TA 467 _b.Z39 2013 |
||
| 100 | _aZbinden, Daze E. | ||
| 245 |
_aStudy on the effect of different electroplating metals on the corrosion of steel / _cDaze E. Zbinden. |
||
| 260 |
_aLas PiƱas City, Philippines : _bSouthville International School and Colleges, _c2013. |
||
| 300 |
_a22 pages : _billustrations ; _c28 cm. |
||
| 504 | _aIncludes bibliographical references. | ||
| 650 |
_aSteel _vCorrosion. |
||
| 650 | _aElectroplating. | ||
| 650 | _aCorrosion and anti-corrosives. | ||
| 942 |
_2lcc _cPASS |
||
| 999 |
_c98977 _d98977 |
||